000 01218nam a22002657a 4500
005 20170124103111.0
010 _aB-245969
020 _c100.00
035 _aB-245969
037 _bCen Lib/Ret
040 _aDPL
_bHN
082 _a
_bस्टीवेंस
100 _aस्टीवेंसन, आर. एल.
_979930
245 _aखजाने वाला द्वीप /
_cआर. एल.स्टीवेंसन;अनुवादक रवि प्रकाश शर्मा
246 _aKhazanay wala dweep /
_bby R. L. Stivension;anuvadak Ravi Prakash Sharma
260 _aदिल्ली
_bडव पब्लिकेशन
_c2004
270 _aबी-97, चेतन अपार्टमेन्ट, सेक्टर-9 रोहिणी
_bदिल्ली
_e110085
300 _a72पृ.
_c21सेमी(सजिल्द)
650 _a साहित्य--उपन्यास
_979931
650 _aहिंदी उपन्यास
_979932
650 _a Literature--Novel
_979933
650 _aHindi novel
_979934
700 _aशर्मा, रवि प्रकाश
_944630
942 _2ddc
_cHN
_h
_mस्टीवेंस
999 _c118398
_d118398